01177nam a2200277 i 4500001000700000003000900007005001700016008004100033020001800074080001600092245002700108260010000135300002200235505015800257650004200415700006300457700003800520700005400558710004400612730002600656740001600682740001900698852004000717999001900757952012300776178552ES-MaACL20250811062537.0110607s1983 sp |||| | spa d a84-7483-316-7 a821.134.2-200aTeatro español. nI. aMadrid : bMinisterio de Cultura, Subdirección General de Estudios y Coordinación, c[1983] a216 p. ; c21 cm.80aContiene: La Celestina / Fernando de Rojas. Entremeses / Miguel de Cervantes. Fuenteovejuna / de Lope de Vega ; (versión libre de Juan Guerrero Zamora) 4aTeatro español-yS.XVI-XVII.9173501 aRojas, Fernando de, dca. 1470-1541. tLa Celestina9990431 aVega, Lope de,d1562-163591135631 aCervantes Saavedra, Miguel de,d1547-161692265141 aEspaña. bMinisterio de Cultura9385032aLa Celestina.913531202aEntremeses.02aFuenteovejuna.4 aES-MaACLjE-15328 xOlim P-247 c178552d178552 00104070aATENEOMbATENEOMcDEPO2d2011-06-07eDONl0oE-15328p1187560r2023-02-23 00:00:00w2023-02-23yMONOGRAFIA